| 000 | 00636nas a2200229Ia 4500 | ||
|---|---|---|---|
| 001 | A05/R056-37900 | ||
| 003 | IT-MiCISF | ||
| 005 | 20230313124112.0 | ||
| 008 | 161014c99999999xx |||||||||||| ||und|| | ||
| 040 |
_aIT-MiCISF _cIT-MiCISF |
||
| 041 | _ait | ||
| 100 |
_aDi Nicola Paola _959666 |
||
| 245 | 0 | _aIl difficile percorso delle donne tra lavoro produttivo e lavoro di cura | |
| 250 | _a"Oggidomani anziani", n. 2 | ||
| 260 | _c2003 | ||
| 300 | _app. 31-53 | ||
| 500 | _a donna, lavoro, cura, politica-familiare, famiglia, reddito | ||
| 650 |
_aDonna _956116 |
||
| 654 | _aarticolo | ||
| 942 |
_cCR _2ddc |
||
| 999 |
_c231925 _d231925 |
||
| 999 | _bSi | ||